Central Library OPAC University of Rajshahi
Normal view MARC view

Entry Personal Name

Number of records used in: 6

001 - CONTROL NUMBER

  • control field: 3537

003 - CONTROL NUMBER IDENTIFIER

  • control field: BD-RjUL

005 - DATE AND TIME OF LATEST TRANSACTION

  • control field: 20220612114019.0

008 - FIXED-LENGTH DATA ELEMENTS

  • fixed length control field: 220612|| aca||aabn | a|a d

040 ## - CATALOGING SOURCE

  • Original cataloging agency: BD-RjUL
  • Transcribing agency: BD-RjUL

100 ## - HEADING--PERSONAL NAME

  • Personal name: Ara, Hosne

670 ## - SOURCE DATA FOUND

  • Source citation: Work cat.: (BD-RjUL)79951: Ara, Hosne, Study of the Electrical Properties of Reaction Bonded Silicon Nitride Ceramics /, 2007